Pravdepodobnostné posúdenie spoľahlivosti lán zo syntetických vlákien

Podrobná bibliografia
Hlavní autori: Kmeť, Stanislav (Author), Brda, Jiří (Author), Tomko, Michal (Author)
Médium: Článok
Jazyk:Slovak
Témy:
ISBN: 8023202308
Zdroj: 1. Staticko-konštrukčné a stavebno-fyzikálne problémy stavebných konštrukcií : zborník zo VI. konferencie, 24.-26. november 2004 Tatranská Lomnica - Vysoké Tatry 1. Košice : Dom techniky ZSVTS, 2004 1. S. 119-124 1. 8023202308
LEADER 01275naa#a2200409#ar4500
001 000108621
003 SVKKK
005 20120808081904.0
008 120808c2004 xo #|0||||||||0|||b|slo
FMT
015 |a SNBRA2012/08 
038 |a SVKKK 
040 |a SVKKK  |b slo  |e AACR2 
041 0 |a slo  |b eng 
044 |a xo  |c SK 
080 |a 624.071.22  |2 1997 
080 |a 624.03  |2 1997 
090 |a III.220923 
100 1 |a Kmeť, Stanislav  |4 aut 
245 1 0 |a Pravdepodobnostné posúdenie spoľahlivosti lán zo syntetických vlákien  |c Stanislav Kmeť, Jiří Brda, Michal Tomko 
300 |b Obr., tab. 
504 |a Bibliogr. odkazy 
504 |a Res. angl., slov. 
650 0 4 |a spoľahlivosť konštrukcií 
650 0 4 |a laná zo syntetických vlákien 
650 0 4 |a analýzy spoľahlivosti 
650 0 4 |a transformačné modely 
700 1 |a Brda, Jiří  |4 aut 
700 1 |a Tomko, Michal  |4 aut 
773 0 |t Staticko-konštrukčné a stavebno-fyzikálne problémy stavebných konštrukcií : zborník zo VI. konferencie, 24.-26. november 2004 Tatranská Lomnica - Vysoké Tatry  |d Košice : Dom techniky ZSVTS, 2004  |g S. 119-124  |z 8023202308 
958 |a NB 
974 |a Ma 
992 |a RZB 
BAS
852 |a SVKKK  |b BIB 
EXP
998 |a SLO